| 000 | 00492nam a2200157 a 4500 | ||
|---|---|---|---|
| 001 | 000026437 | ||
| 005 | 20200930030225.0 | ||
| 008 | 110317s1963 dr 000 0 spa d | ||
| 040 |
_aDO-SdBNP _bspa _cBNPHU |
||
| 100 | 1 |
_aMoore M., Aurelio _953488 |
|
| 245 | 1 | 0 |
_aSinforiano : _bsímbolo de una época / _cAurelio Moore M. |
| 260 |
_aSanto Domingo : _bEditorial la Nanción, _c1963. |
||
| 300 |
_a154 p. ; _c23 p. |
||
| 500 | _aHistoria de la vida de un pueblo bajo la Tiranía | ||
| 049 | _aBNPD | ||
| 999 |
_c25929 _d25929 |
||